000 01025nac a22002537a 4500
001 BR8801413
003 BR-BrBNA
005 20240105120728.0
008 230509b bl.|||m| |||| 00| 0 por d
040 _aBR-BrBNA
_bpor
_cBiblioteca Nacional de Agricultura
072 _aA50; F04
090 _aA50 BR8801413
110 1 _aEmpresa Brasileira de Pesquisa Agropecuaria, Brasilia, DF (Brasil). Depto. de Orientacao e Apoio a Programacao de Pesquisa;
_93851
110 1 _aCentro de Pesquisa Agropecuaria dos Cerrados, Planaltina, DF (Brasil)
245 1 _aConvenio EMBRAPA/PETROFERTIL. Plano anual de trabalho 1986 [Empresa Brasileira de Pesquisa Agropecuaria, Petrobras Fertilizantes S.A.]
260 3 _aBrasilia, DF (Brasil):
_c1986.
300 _a16 p.
490 _aDocumentos - Centro de Pesquisa Agropecuaria dos Cerrados (Brazil)
_vno. 21
_xISSN 1002-0021
500 _aSummary (Pt)
650 _aFERTILIZANTE
650 _aPESQUISA
909 _a202312
_bLúcia Elande
_c55
_dLúcia Elande
942 _2AGRIS
_n0
_cMS
999 _c281120
_d281120